[Event "Danish Anyone? #3"]
[Site "SchemingMind.com"]
[Date "2006.12.04"]
[Round "-"]
[White "snoodie05"]
[Black "mart_r3000"]
[Result "1-0"]
[WhiteCountry "USA"]
[BlackCountry "ENG"]
[WhiteElo "1401"]
[WhiteRD "80"]
[BlackElo "1281"]
[BlackRD "52"]
[GameID "80249"]

1. e4 e5 2. d4 exd4 3. c3 dxc3 4. bxc3 Nf6 5. Bd3 Nc6 6. Nf3 d5 7. e5 Ng4 8. h3 Nxf2 9. Kxf2 Bc5+ 10. Kf1 O-O
11. Bg5 Ne7 12. Qc2 h6 13. Bh7+ Kh8 14. Bd2 g6 15. Bxg6 fxg6 16. Bxh6 Nf5 17. Bxf8 Ng3+ 18. Ke1 Nxh1 19. Bxc5 Bf5 20. Qd2 Ng3
21. Qh6+ Kg8 22. e6 Bxe6 23. Qxg6+ Kh8 24. Bd4+ Qf6 25. Bxf6#
1-0

[Event "Danish Anyone? #3"]
[Site "SchemingMind.com"]
[Date "2006.12.04"]
[Round "-"]
[White "mart_r3000"]
[Black "snoodie05"]
[Result "1-0"]
[WhiteCountry "ENG"]
[BlackCountry "USA"]
[WhiteElo "1281"]
[WhiteRD "52"]
[BlackElo "1401"]
[BlackRD "80"]
[GameID "80250"]

1. e4 e5 2. d4 exd4 3. c3 dxc3 4. Nxc3 Bb4 5. Bd2 a6 6. Qf3 Nc6 7. Bc4 Qe7 8. Nd5 Bxd2+ 9. Kxd2 Ne5 10. Qc3 Qd6
11. f4 Ng4 12. Qxg7 Qb4+ 13. Nxb4 Nf2 14. Qxf7+ Kd8 15. Qf8#
1-0

[Event "Danish Anyone? #3"]
[Site "SchemingMind.com"]
[Date "2006.12.13"]
[Round "-"]
[White "twotone"]
[Black "mart_r3000"]
[Result "1-0"]
[WhiteCountry "ENG"]
[BlackCountry "ENG"]
[WhiteElo "1392"]
[WhiteRD "59"]
[BlackElo "1281"]
[BlackRD "52"]
[GameID "81692"]

1. e4 e5 2. d4 exd4 3. c3 dxc3 4. Nxc3 Nc6 5. Bb5 Bb4 6. Bd2 Nd4 7. Ba4 Nf6 8. Nge2 c5 9. O-O Ng4 10. Bf4 O-O
11. h3 Nf6 12. a3 Bxc3 13. Nxc3 b6 14. e5 Ne8 15. Qd3 Rb8 16. Rad1 f6 17. Ne2 fxe5 18. Bxe5 d6 19. Bxd4 cxd4 20. Qxd4 Qg5
21. f4 Qe7 22. Ng3 Ba6 23. Rfe1 Qh4 24. Ne2 Bxe2 25. Rxe2 Nf6 26. Qxd6 Rbd8 27. Bb3+ Kh8 28. Qxd8 Rxd8 29. Rxd8+ Ng8 30. Rxg8#
1-0

[Event "Danish Anyone? #3"]
[Site "SchemingMind.com"]
[Date "2006.12.12"]
[Round "-"]
[White "twotone"]
[Black "snoodie05"]
[Result "1-0"]
[WhiteCountry "ENG"]
[BlackCountry "USA"]
[WhiteElo "1392"]
[WhiteRD "59"]
[BlackElo "1401"]
[BlackRD "80"]
[GameID "81693"]

1. e4 e5 2. d4 exd4 3. c3 dxc3 4. Nxc3 Bb4 5. Bc4 Qe7 6. Qf3 Bxc3+ 7. bxc3 h6 8. Ne2 Nc6 9. O-O b6 10. a4 Ne5
11. Bxf7+ Nxf7 12. e5 c6 13. Qh5 Bb7 14. f4 O-O-O 15. Bb2 Qe6 16. Nd4 Qe8 17. c4 Ne7 18. Nf3 g6 19. Qh4 Rg8 20. Qh3 Kb8
21. e6 dxe6 22. Qxe6 Bc8 23. Be5+ Kb7 24. Qf6 Rf8 25. Qh4 Nf5 26. Qf6 Ne3 27. Rfe1 Ng4 28. Qxg6 Ngxe5 29. fxe5 Qe7 30. Qg3 Qc5+
31. Kh1 Be6 32. a5 bxa5 33. Rab1+ Kc7 34. Nd2 Rg8 35. Qc3 Rd4 36. Nb3 Rxc4 37. Nxc5 Rxc3 38. Nxe6+ Kd7 39. Nf4 Ng5 40. Rb7+ Kc8
41. Rxa7 Rc4 42. g3 Kb8 43. Rxa5 Nf3 44. Rb1+ Kc8 45. Ra8+ Kc7 46. Rxg8 Nxe5 47. Rg7+ Kd6 48. Rd1+ Kc5 49. Ne6+ Kb4 50. Rb7+ Kc3
51. Nf4 Kc2 52. Rbb1 Re4 53. Ng2 Re2 54. Ne1+ Rxe1+ 55. Rxe1 Nd3 56. Red1 c5 57. Rf1 h5 58. Rb5 Kc3 59. Rf5 Kc4 60. Rb8 h4
61. g4 Kd4 62. g5 Ke4 63. Rf6 Ne5 64. g6 Nd7 65. Re8+ Kd5 66. Rf5+ Kc6 67. g7
1-0

[Event "Danish Anyone? #3"]
[Site "SchemingMind.com"]
[Date "2006.12.12"]
[Round "-"]
[White "mart_r3000"]
[Black "twotone"]
[Result "0-1"]
[WhiteCountry "ENG"]
[BlackCountry "ENG"]
[WhiteElo "1281"]
[WhiteRD "52"]
[BlackElo "1392"]
[BlackRD "59"]
[GameID "81694"]

1. e4 e5 2. d4 exd4 3. c3 dxc3 4. Nxc3 Bb4 5. Bc4 d6 6. Qd5 Qe7 7. Qb5+ Nc6 8. f3 a6 9. Qa4 Bd7 10. Ne2 Nf6
11. O-O O-O 12. Nd5 b5 13. Qb3 bxc4 14. Qxc4 Qe5 15. g4 Bc5+ 16. Kh1 Na5 17. Qc2 Nxd5 18. f4 Qe6 19. f5 Qe5 20. Bf4 Nb4
21. Qc1 Qxe4+
0-1

[Event "Danish Anyone? #3"]
[Site "SchemingMind.com"]
[Date "2006.12.12"]
[Round "-"]
[White "snoodie05"]
[Black "twotone"]
[Result "0-1"]
[WhiteCountry "USA"]
[BlackCountry "ENG"]
[WhiteElo "1401"]
[WhiteRD "80"]
[BlackElo "1392"]
[BlackRD "59"]
[GameID "81695"]

1. e4 e5 2. d4 exd4 3. c3 Nc6 4. cxd4 d6 5. d5 Na5 6. h3 c6 7. Nf3 cxd5 8. exd5 Qb6 9. Nc3 Nf6 10. Be2 Be7
11. b3 Qc7 12. Bd2 O-O 13. Rc1 b6 14. Nb5 Qd7 15. Nbd4 Bb7 16. Bxa5 bxa5 17. Bb5 Qd8 18. Bc4 Nxd5 19. a4 Nb6 20. O-O Rc8
21. Nd2 Rc5 22. Qe2 d5 23. Bd3 Qc8 24. Nc2 Bg5 25. f4 Bh6 26. Qe3 Re8 27. Qg3 Rc3 28. Qf2 Rxd3 29. Nd4 Rc3 30. Rcd1 g6
31. Nb1 Rc7 32. Nb5 Rd7 33. Nxa7 Qd8 34. Rd4 Ba6 35. f5 Rxa7 36. fxg6 Bxf1 37. Qxf7+ Kh8 38. Qxh7+ Rxh7 39. gxh7 Be3+ 40. Kxf1 Bxd4
41. Nd2 Qf6+ 42. Nf3 Bc3 43. h4 Re1+ 44. Kf2 Rb1 45. g4 Be1+ 46. Ke2 Qe6+
0-1

[Event "Danish Anyone? #3"]
[Site "SchemingMind.com"]
[Date "2006.12.15"]
[Round "-"]
[White "Tahur"]
[Black "twotone"]
[Result "0-1"]
[WhiteCountry "ARG"]
[BlackCountry "ENG"]
[WhiteElo "1462"]
[WhiteRD "59"]
[BlackElo "1421"]
[BlackRD "57"]
[GameID "82183"]

1. e4 e5 2. d4 exd4 3. c3 dxc3 4. Nxc3 d6 5. Bc4 c6 6. h3 Nd7 7. Nf3 h6 8. a3 Ngf6 9. O-O Be7 10. Re1 O-O
11. b4 Ne5 12. Be3 Nxc4 13. Qd4 Nxe3 14. Qxe3 Nd7 15. Nd4 Ne5 16. Qg3 Nc4 17. Nf5 Bxf5 18. exf5 Bf6 19. Qd3 Ne5 20. Qc2 b5
21. Rad1 Nc4 22. Qb3 Qd7 23. g4 d5 24. Nb1 Ne5 25. Nd2 Rae8 26. Rc1 Qb7 27. f4 Nd7 28. Rxe8 Rxe8 29. Qc2 Bd4+ 30. Kg2 Be3
31. Re1 d4 32. Nf1 c5+ 33. Kg3 Bxf4+ 34. Kf2 Ne5 35. Qxc5 Qf3+ 36. Kg1 Be3+ 37. Nxe3 dxe3 38. Rxe3 Qd1+ 39. Kf2 Qd2+ 40. Kg3 Qb2
41. Qxb5 Kf8 42. Qc5+ Re7 43. Kf4 Qh2+ 44. Ke4 Nd7+ 45. Kd4 Nxc5 46. Rxe7 Kxe7 47. Kxc5 Qxh3 48. a4 Qxg4 49. a5 Qxf5+ 50. Kc6 h5
51. b5 h4 52. a6 h3 53. b6 Qd7+ 54. Kc5 h2 55. b7 Qc7+ 56. Kb5 h1=Q 57. Kb4 Qb1+ 58. Ka4 Qcb6
0-1

[Event "Danish Anyone? #3"]
[Site "SchemingMind.com"]
[Date "2006.12.16"]
[Round "-"]
[White "Tahur"]
[Black "mart_r3000"]
[Result "1-0"]
[WhiteCountry "ARG"]
[BlackCountry "ENG"]
[WhiteElo "1468"]
[WhiteRD "55"]
[BlackElo "1281"]
[BlackRD "52"]
[GameID "82184"]

1. e4 e5 2. d4 exd4 3. c3 dxc3 4. Nxc3 Bd6 5. Bc4 Qf6 6. Nf3 Bc5 7. Bg5 Qg6 8. h4 f6 9. h5 Qxg5 10. Nxg5 fxg5
11. Qf3 Nf6 12. e5 Rf8 13. exf6 Rxf6 14. Qd5 Bxf2+ 15. Ke2 Bg3 16. Qg8+ Ke7 17. Qxg7+ Kd6 18. Qxf6+ Kc5 19. Qxg5+ Kxc4 20. Qxg3 Nc6
21. Qg8+ Kc5 22. Qxh7 Nd4+ 23. Kd3 d5 24. Qxc7+ Nc6 25. b4+ Kxb4 26. Rhb1+ Ka3 27. Rb3#
1-0

[Event "Danish Anyone? #3"]
[Site "SchemingMind.com"]
[Date "2006.12.15"]
[Round "-"]
[White "Tahur"]
[Black "snoodie05"]
[Result "0-1"]
[WhiteCountry "ARG"]
[BlackCountry "USA"]
[WhiteElo "1468"]
[WhiteRD "55"]
[BlackElo "1401"]
[BlackRD "80"]
[GameID "82185"]

1. e4 e5 2. d4 exd4 3. c3 dxc3 4. Nxc3 h6 5. Bf4 Bb4 6. a3 Bxc3+ 7. bxc3 g5 8. Be5 f6 9. Bd4 a6 10. h3 Nc6
11. Bc5 d6 12. Bd4 Be6 13. Nf3 Na5 14. Qa4+ Nc6 15. Bc4 Qe7 16. O-O Bd7 17. Qc2 Na5 18. Bxg8 Rxg8 19. Rfe1 g4 20. hxg4 Bxg4
21. Qd3 O-O-O 22. c4 Bh3 23. Kh2 Bxg2 24. Rg1 Bxf3 25. Rxg8 Rxg8 26. Qxf3 Nxc4 27. Bxf6 Qe6 28. Qf4 Rf8 29. Qxh6 Rxf6 30. Qh8+ Kd7
31. Qh3 Rh6 32. Qxh6 Qxh6+ 33. Kg1 Qg5+ 34. Kh2 Ne5 35. Kh3 Qg4+ 36. Kh2 Nf3+ 37. Kh1 Qh3#
0-1

[Event "Danish Anyone? #3"]
[Site "SchemingMind.com"]
[Date "2006.12.15"]
[Round "-"]
[White "twotone"]
[Black "Tahur"]
[Result "1-0"]
[WhiteCountry "ENG"]
[BlackCountry "ARG"]
[WhiteElo "1392"]
[WhiteRD "59"]
[BlackElo "1468"]
[BlackRD "55"]
[GameID "82186"]

1. e4 e5 2. d4 exd4 3. c3 Nf6 4. Bg5 dxc3 5. Nxc3 h6 6. Bxf6 Qxf6 7. Bc4 Bc5 8. Qf3 Qxf3 9. Nxf3 d6 10. O-O Bg4
11. Be2 a6 12. Rac1 O-O 13. Na4 Bxf3 14. Bxf3 Bd4 15. Rxc7 b5 16. Nc3 Bxc3 17. Rxc3 Nd7 18. Rd1 Rac8 19. Rxd6 Rxc3 20. bxc3 Nc5
21. e5 Re8 22. Rd5 Na4 23. c4 bxc4 24. Ra5 Nb2 25. Bd5 Rd8 26. e6 fxe6 27. Bxe6+ Kf8 28. Rf5+ Ke7 29. Bd5 c3 30. Bb3 Rc8
31. Rf7+ Ke8 32. Rxg7 Kf8 33. Rg8+ Ke7 34. Rxc8 a5 35. Rxc3 Kf6 36. f4 a4 37. Bc2 Ke6 38. Ra3 Kd5 39. f5 Ke5 40. Rf3 Kf6
41. g4 Nc4 42. Bxa4 Ne5 43. Rg3 Kg5 44. h3 h5 45. Bd1 hxg4 46. hxg4 Nc4 47. Rg2 Ne3 48. Rd2 Kf6 49. Bf3 Nc4 50. Rc2 Ne5
51. Kg2 Nd3 52. Kg3 Ne1 53. Rc6+ Ke7 54. Re6+
1-0

[Event "Danish Anyone? #3"]
[Site "SchemingMind.com"]
[Date "2006.12.15"]
[Round "-"]
[White "mart_r3000"]
[Black "Tahur"]
[Result "0-1"]
[WhiteCountry "ENG"]
[BlackCountry "ARG"]
[WhiteElo "1281"]
[WhiteRD "52"]
[BlackElo "1468"]
[BlackRD "55"]
[GameID "82187"]

1. e4 e5 2. d4 exd4 3. c3 Nc6 4. cxd4 Bb4+ 5. Nc3 h6 6. a3 Bxc3+ 7. bxc3 Nf6 8. Bc4 Nxe4 9. Qe2 O-O 10. Nf3 Re8
11. O-O Ng3 12. fxg3 Rxe2 13. Bxe2 d6 14. d5 Ne7 15. Nd4 Nxd5 16. Bc4 Be6 17. Nxe6 fxe6 18. h4 Qe7 19. Bd2 a6 20. Rae1 Qd7
21. Bd3 Qa4 22. Rxe6 Qxa3 23. Rg6 Rf8 24. Rxf8+ Kxf8 25. Re6 Qa1+ 26. Kf2 Qd1 27. Bg6 Qxd2+ 28. Kg1 Ne7 29. Bh5 Qxc3 30. Kh2 a5
31. Re4 b5 32. Rf4+ Kg8 33. Rf7 g6 34. Rxe7 gxh5 35. Re6 Qd2 36. Rg6+ Kf7
0-1

[Event "Danish Anyone? #3"]
[Site "SchemingMind.com"]
[Date "2006.12.15"]
[Round "-"]
[White "snoodie05"]
[Black "Tahur"]
[Result "1-0"]
[WhiteCountry "USA"]
[BlackCountry "ARG"]
[WhiteElo "1401"]
[WhiteRD "80"]
[BlackElo "1468"]
[BlackRD "55"]
[GameID "82188"]

1. e4 e5 2. d4 exd4 3. c3 Nc6 4. cxd4 Bb4+ 5. Bd2 Bxd2+ 6. Qxd2 Nf6 7. Nc3 a6 8. e5 Ng4 9. h3 Nh6 10. Nf3 d6
11. Rd1 dxe5 12. dxe5 Qxd2+ 13. Rxd2 f6 14. exf6 gxf6 15. Bc4 Nf5 16. Re2+ Kf8 17. O-O Ncd4 18. Nxd4 Nxd4 19. Re4 Nc6 20. Rfe1 Bd7
21. Nd5 b5 22. Bb3 f5 23. Rf4 Rc8 24. Nf6 Rd8 25. Nxd7+ Rxd7 26. Rxf5+ Kg7 27. Re4 Kg6 28. Ref4 Nd4 29. Rf6+ Kg5 30. h4+ Kh5
31. Bd1+ Nf3+ 32. Bxf3#
1-0

[Event "Danish Anyone? #3"]
[Site "SchemingMind.com"]
[Date "2006.12.21"]
[Round "-"]
[White "Brerrabbit"]
[Black "twotone"]
[Result "0-1"]
[WhiteCountry "SCO"]
[BlackCountry "ENG"]
[WhiteElo "1316"]
[WhiteRD "65"]
[BlackElo "1421"]
[BlackRD "57"]
[GameID "82809"]

1. e4 e5 2. d4 exd4 3. c3 dxc3 4. Bc4 cxb2 5. Bxb2 c6 6. Nc3 Bd6 7. Nf3 Qc7 8. e5 Bxe5 9. Qe2 d6 10. O-O Nf6
11. Nxe5 dxe5 12. Rad1 O-O 13. Rd3 Bf5 14. Rf3 Bg6 15. Rd1 Re8 16. Na4 b5 17. Nc5 Nbd7 18. Na6 Qb6 19. Nb4 bxc4 20. Qxc4 Be4
21. Rh3 a5 22. Nd3 Bxd3 23. Qxd3 Qxb2 24. g4 g6 25. g5 Nd5 26. Rb1 Qxa2 27. Rb7 Nf4
0-1

[Event "Danish Anyone? #3"]
[Site "SchemingMind.com"]
[Date "2006.12.21"]
[Round "-"]
[White "Brerrabbit"]
[Black "mart_r3000"]
[Result "1-0"]
[WhiteCountry "SCO"]
[BlackCountry "ENG"]
[WhiteElo "1316"]
[WhiteRD "65"]
[BlackElo "1286"]
[BlackRD "52"]
[GameID "82810"]

1. e4 e5 2. d4 exd4 3. c3 Nf6 4. e5 Qe7 5. Nf3 Nc6 6. Bc4 h6 7. cxd4 d5 8. Bb5 Qb4+ 9. Nc3 Ne4 10. O-O Be7
11. a3 Qa5 12. b4 Qb6 13. Nxd5 Qxb5 14. Nxc7+ Kf8 15. Nxb5 Bg4 16. d5 Nxe5 17. Qd4 Nxf3+ 18. gxf3 Bxf3 19. Qe3 Ng5 20. Re1 Re8
21. Nc7 Rc8 22. Qxe7+ Kg8 23. h4 Nh3+ 24. Kf1 Kh7 25. Qxf7 Bg4 26. Bb2 Rhg8 27. Ne6 Rc2 28. Bxg7 Rxf2+ 29. Qxf2 Nxf2 30. Kxf2 Kg6
31. Bd4 Rc8 32. d6 Rc2+ 33. Kg3 h5 34. d7 Rd2 35. d8=Q Rd3+ 36. Kg2 Bf3+ 37. Kf2 Kf5 38. Qf6+ Kg4 39. Rg1+ Kh3 40. Qf5+ Kxh4
41. Bf6#
1-0

[Event "Danish Anyone? #3"]
[Site "SchemingMind.com"]
[Date "2006.12.21"]
[Round "-"]
[White "Brerrabbit"]
[Black "snoodie05"]
[Result "0-1"]
[WhiteCountry "SCO"]
[BlackCountry "USA"]
[WhiteElo "1316"]
[WhiteRD "65"]
[BlackElo "1400"]
[BlackRD "79"]
[GameID "82811"]

1. e4 e5 2. d4 exd4 3. c3 dxc3 4. Bc4 cxb2 5. Bxb2 Qe7 6. e5 Nc6 7. Nf3 a6 8. Nc3 Nxe5 9. Nxe5 Qxe5+ 10. Qe2 Qxe2+
11. Nxe2 b5 12. Bb3 Nh6 13. O-O Bb7 14. Rad1 Be7 15. Bxg7 Rg8 16. Bxh6 Rxg2+ 17. Kh1 Rg5+ 18. Bd5 Bxd5+ 19. Rxd5 Rxd5 20. Nf4 Rf5
21. Nh5 Rxh5 22. Bf4 O-O-O 23. Rc1 d6 24. Kg2 Rg8+
0-1

[Event "Danish Anyone? #3"]
[Site "SchemingMind.com"]
[Date "2006.12.21"]
[Round "-"]
[White "Brerrabbit"]
[Black "Tahur"]
[Result "1-0"]
[WhiteCountry "SCO"]
[BlackCountry "ARG"]
[WhiteElo "1316"]
[WhiteRD "65"]
[BlackElo "1462"]
[BlackRD "59"]
[GameID "82812"]

1. e4 e5 2. d4 exd4 3. c3 dxc3 4. Bc4 cxb2 5. Bxb2 Nf6 6. e5 Ne4 7. Nc3 Nxc3 8. Bxc3 Nc6 9. Qf3 Qe7 10. Ne2 b6
11. O-O Bb7 12. Qf4 h6 13. Rad1 g5 14. Qf5 Bg7 15. e6 fxe6 16. Qg6+ Qf7 17. Qe4 Bxc3 18. Nxc3 Na5 19. Bd5 Bxd5 20. Nxd5 O-O-O
21. Nb4 d5 22. Qc2 Kb7 23. Rb1 c5 24. Nd3 Qf5 25. Nxc5+ Kb8 26. Na6+ Ka8 27. Nc7+ Kb8 28. Qc3 Rc8 29. Na6+ Kb7 30. Nc5+ Kb8
31. Qg3+ Rc7 32. Qd6 Rd8 33. Na6+ Kc8 34. Qxc7#
1-0

[Event "Danish Anyone? #3"]
[Site "SchemingMind.com"]
[Date "2006.12.21"]
[Round "-"]
[White "twotone"]
[Black "Brerrabbit"]
[Result "1-0"]
[WhiteCountry "ENG"]
[BlackCountry "SCO"]
[WhiteElo "1421"]
[WhiteRD "57"]
[BlackElo "1316"]
[BlackRD "65"]
[GameID "82813"]

1. e4 e5 2. d4 exd4 3. c3 d5 4. cxd4 dxe4 5. Qa4+ Bd7 6. Qb3 b6 7. Bc4 Nh6 8. Nc3 Nc6 9. Bxh6 Be6 10. d5 Nd4
11. Qd1 Bb4 12. dxe6 gxh6 13. exf7+ Kf8 14. Ne2 c5 15. O-O a6 16. Nxe4 b5 17. Bb3 Nxb3 18. Qxb3 Ra7 19. a3 Bd2 20. Nxd2 Qxd2
21. Qe3 Qxb2 22. Qxc5+ Re7 23. Qc8+ Kxf7 24. Qf5+ Ke8 25. Qh5+ Kd7 26. Nf4 Qd4 27. Rad1
1-0

[Event "Danish Anyone? #3"]
[Site "SchemingMind.com"]
[Date "2006.12.21"]
[Round "-"]
[White "mart_r3000"]
[Black "Brerrabbit"]
[Result "0-1"]
[WhiteCountry "ENG"]
[BlackCountry "SCO"]
[WhiteElo "1286"]
[WhiteRD "52"]
[BlackElo "1316"]
[BlackRD "65"]
[GameID "82814"]

1. e4 e5 2. d4 exd4 3. c3 d5 4. Qxd4 Nc6 5. Qe3 Bd6 6. exd5+ Ne5 7. Bb5+ Bd7 8. Be2 Nf6 9. Qg5 g6 10. Qe3 Nxd5
11. Qe4 Bc6 12. Qd4 O-O 13. Nf3 Qf6 14. Qd1 Rae8 15. O-O Nf4 16. g3 Nh3+ 17. Kh1 Nxf3 18. Kg2 Nfg5+ 19. f3 h5 20. Qd3 Re6
21. Bd2 Rfe8 22. Re1 Bxf3+ 23. Bxf3 Rxe1 24. Bxe1 Rxe1 25. Qd4 Qxf3#
0-1

[Event "Danish Anyone? #3"]
[Site "SchemingMind.com"]
[Date "2006.12.21"]
[Round "-"]
[White "snoodie05"]
[Black "Brerrabbit"]
[Result "1-0"]
[WhiteCountry "USA"]
[BlackCountry "SCO"]
[WhiteElo "1400"]
[WhiteRD "79"]
[BlackElo "1316"]
[BlackRD "65"]
[GameID "82815"]

1. e4 e5 2. d4 exd4 3. c3 d5 4. Qxd4 Nc6 5. Qd3 Nf6 6. exd5 Ne5 7. Qd2 Nxd5 8. h3 Bf5 9. Be2 Bc5 10. b4 Bb6
11. c4 c5 12. cxd5 O-O 13. Ba3 Rc8 14. Nc3 cxb4 15. Bxb4 Re8 16. d6 Nd3+ 17. Kf1 Nxb4 18. Nb5 a6 19. Qxb4 axb5 20. Bxb5 Re6
21. d7 Rc7 22. Rd1 Bc5 23. Qb3 Rb6 24. Qa4 Bxd7 25. Bxd7 Rb1 26. Rxb1 Rxd7 27. Nf3 Re7 28. Qc2 g6 29. Qxc5 Rd7 30. Kg1 Rd2
31. Nxd2 Qxd2 32. Rxb7
1-0

[Event "Danish Anyone? #3"]
[Site "SchemingMind.com"]
[Date "2006.12.21"]
[Round "-"]
[White "Tahur"]
[Black "Brerrabbit"]
[Result "1-0"]
[WhiteCountry "ARG"]
[BlackCountry "SCO"]
[WhiteElo "1444"]
[WhiteRD "62"]
[BlackElo "1297"]
[BlackRD "71"]
[GameID "82816"]

1. e4 e5 2. d4 exd4 3. c3 d5 4. exd5 Bc5 5. Nf3 dxc3 6. Nxc3 Nf6 7. h3 O-O 8. Be2 Re8 9. O-O c6 10. dxc6 Nxc6
11. Qxd8 Rxd8 12. Bg5 h6 13. Bxf6 gxf6 14. a3 Nd4 15. Nxd4 Bxd4 16. Rfd1 Bb6 17. Nd5 Kf8 18. Nxb6 Rxd1+ 19. Rxd1 axb6 20. Rd6 Ra5
21. Rxf6 Re5 22. Bc4 Re1+ 23. Kh2 Be6 24. Bxe6 Rxe6 25. Rxe6 fxe6 26. g4 Kf7 27. f4 Kf6 28. h4 e5 29. fxe5+ Kxe5 30. Kg3 Kf6
31. Kf4 Kg6 32. a4 h5 33. b4 hxg4 34. Kxg4 Kh6 35. b5 Kg6 36. h5+ Kh6 37. Kh4 Kh7 38. Kg5 Kg7 39. h6+ Kh7 40. Kh5 Kh8
41. Kg6 Kg8 42. Kf6 Kh7 43. Ke7
1-0

[Event "Danish Anyone? #3"]
[Site "SchemingMind.com"]
[Date "2006.12.21"]
[Round "-"]
[White "carosoko"]
[Black "twotone"]
[Result "1-0"]
[WhiteCountry "BEL"]
[BlackCountry "ENG"]
[WhiteElo "1596"]
[WhiteRD "112"]
[BlackElo "1421"]
[BlackRD "57"]
[GameID "83017"]

1. e4 e5 2. d4 exd4 3. c3 dxc3 4. Bc4 cxb2 5. Bxb2 c6 6. Qb3 Nh6 7. Nc3 Be7 8. Nf3 O-O 9. O-O b5 10. Bd3 d6
11. Ne2 Be6 12. Qc3 Bf6 13. e5 dxe5 14. Nxe5 Bxe5 15. Qxe5 Qf6 16. Qe4 Qf5 17. Qe3 Qd5 18. Nf4 Qg5 19. Rac1 Rc8 20. Rc5 Qe7
21. Rh5 f5 22. Nxe6 Ng4 23. Qe2 g6 24. h3 gxh5 25. hxg4 fxg4 26. Qe5 Nd7 27. Qh8+ Kf7 28. Qg7+ Kxe6 29. Re1+ Kd6 30. Qxe7+ Kc7
31. Be5+ Kb6 32. Qxd7 a5 33. Bd4+ Ka6 34. Re7 Rd8 35. Qb7#
1-0

[Event "Danish Anyone? #3"]
[Site "SchemingMind.com"]
[Date "2006.12.21"]
[Round "-"]
[White "carosoko"]
[Black "Brerrabbit"]
[Result "1-0"]
[WhiteCountry "BEL"]
[BlackCountry "SCO"]
[WhiteElo "1596"]
[WhiteRD "112"]
[BlackElo "1316"]
[BlackRD "65"]
[GameID "83018"]

1. e4 e5 2. d4 exd4 3. c3 d5 4. exd5 Qxd5 5. Nf3 Nc6 6. Be2 Bf5 7. O-O d3 8. Re1 O-O-O 9. Bf1 Nf6 10. Bg5 Bg4
11. Bxf6 gxf6 12. Nbd2 Qg5 13. Nxg5 fxg5 14. Qxg4+ Kb8 15. Qxg5 Kc8 16. Rad1 Bd6 17. Bxd3 Rhg8 18. Qf5+ Kb8 19. Nf3 Ne7 20. Qxf7 h6
21. Rxe7 b6 22. Be4 Bxe7 23. Rxd8+ Rxd8 24. Nd4 Kc8 25. Qxe7 Rd7 26. Bf5
1-0

[Event "Danish Anyone? #3"]
[Site "SchemingMind.com"]
[Date "2006.12.21"]
[Round "-"]
[White "carosoko"]
[Black "mart_r3000"]
[Result "1-0"]
[WhiteCountry "BEL"]
[BlackCountry "ENG"]
[WhiteElo "1596"]
[WhiteRD "112"]
[BlackElo "1286"]
[BlackRD "52"]
[GameID "83019"]

1. e4 e5 2. d4 exd4 3. c3 dxc3 4. Bc4 Bb4 5. Bxf7+ Kf8 6. Qb3 Nc6 7. bxc3 Bc5 8. Nf3 Qe7 9. Bd5 Nf6 10. Nbd2 Na5
11. Qc2 Ng4 12. O-O c6 13. Nb3 Bd6 14. Nxa5 Ke8 15. Bb3 Rf8 16. e5 Bc7 17. Nc4 b5 18. Bg5 Qc5 19. Nd6+ Bxd6 20. exd6 Rxf3
21. Qxh7 Ne5 22. Qg8+ Rf8 23. Qxg7 Qxd6 24. Rae1
1-0

[Event "Danish Anyone? #3"]
[Site "SchemingMind.com"]
[Date "2006.12.21"]
[Round "-"]
[White "carosoko"]
[Black "snoodie05"]
[Result "1-0"]
[WhiteCountry "BEL"]
[BlackCountry "USA"]
[WhiteElo "1596"]
[WhiteRD "112"]
[BlackElo "1400"]
[BlackRD "79"]
[GameID "83020"]

1. e4 e5 2. d4 exd4 3. c3 dxc3 4. Bc4 cxb2 5. Bxb2 Qh4 6. Qd5 Qe7 7. Nc3 Nc6 8. Nb5 Kd8 9. Nf3 Nf6 10. Bxf6 gxf6
11. O-O Nb4 12. Qxf7 a6 13. Nbd4 d6 14. Rab1 Nd3 15. Qxe7+ Bxe7 16. Bxd3 h5 17. Nh4 Rg8 18. Nhf5 Bf8 19. Bc4 Rg4 20. f3 Rg6
21. Bf7 Rg5 22. h4 Rxf5 23. exf5 c5 24. Ne6+ Ke7 25. Bxh5 b5 26. Rfe1 Bh6 27. Nc7+ Kd7 28. Nxa8 Kc6 29. Bf7 Bb7 30. Rbd1 Bxa8
31. Bd5+
1-0

[Event "Danish Anyone? #3"]
[Site "SchemingMind.com"]
[Date "2006.12.21"]
[Round "-"]
[White "carosoko"]
[Black "Tahur"]
[Result "1-0"]
[WhiteCountry "BEL"]
[BlackCountry "ARG"]
[WhiteElo "1596"]
[WhiteRD "112"]
[BlackElo "1462"]
[BlackRD "59"]
[GameID "83021"]

1. e4 e5 2. d4 exd4 3. c3 dxc3 4. Bc4 cxb2 5. Bxb2 Bc5 6. Qd5 Nh6 7. Bxg7 Bb4+ 8. Kf1 Rg8 9. Bxh6 Qe7 10. Nf3 d6
11. Bg5 f6 12. Qxg8+ Qf8 13. Bf7+ Ke7 14. Bxf6+ Kxf6 15. Qxf8 Be6 16. Bh5+
1-0

[Event "Danish Anyone? #3"]
[Site "SchemingMind.com"]
[Date "2006.12.22"]
[Round "-"]
[White "twotone"]
[Black "carosoko"]
[Result "0-1"]
[WhiteCountry "ENG"]
[BlackCountry "BEL"]
[WhiteElo "1421"]
[WhiteRD "57"]
[BlackElo "1596"]
[BlackRD "112"]
[GameID "83022"]

1. e4 e5 2. d4 exd4 3. c3 dxc3 4. Nxc3 Nc6 5. Bb5 Nge7 6. Bg5 h6 7. Bxe7 Bxe7 8. Nf3 O-O 9. Bxc6 dxc6 10. O-O Qxd1
11. Raxd1 Bg4 12. Rd7 Bxd7 13. Rd1 Bg4 14. Rd3 Rad8 15. Re3 Bb4 16. h3 Bxf3 17. Rxf3 Bxc3 18. Rxc3 Rd2 19. Rb3 b6 20. f3 Rfd8
21. f4 R8d3 22. Rb4 c5 23. Rc4 Rxb2 24. a4 Rdd2
0-1

[Event "Danish Anyone? #3"]
[Site "SchemingMind.com"]
[Date "2006.12.23"]
[Round "-"]
[White "Brerrabbit"]
[Black "carosoko"]
[Result "0-1"]
[WhiteCountry "SCO"]
[BlackCountry "BEL"]
[WhiteElo "1316"]
[WhiteRD "65"]
[BlackElo "1596"]
[BlackRD "112"]
[GameID "83023"]

1. e4 e5 2. d4 exd4 3. c3 dxc3 4. Bc4 cxb2 5. Bxb2 d5 6. exd5 Nf6 7. Nf3 Bb4+ 8. Bc3 Qe7+ 9. Be2 O-O 10. O-O Bxc3
11. Nxc3 Rd8 12. Re1 Qc5 13. Rc1 Be6 14. Ne5 Nxd5 15. Qc2 Nxc3 16. Qxc3 Qxc3 17. Rxc3 c6 18. g4 Nd7 19. Nf3 Bxg4 20. Re3 Nf6
21. Bd1 Rd7 22. Ne5 Rxd1 23. Rxd1 Bxd1 24. Rd3 Be2 25. Rd4 Re8 26. Nd7 Nxd7 27. Rxd7 Bf3 28. h4 c5 29. Rxb7 Bxb7
0-1

[Event "Danish Anyone? #3"]
[Site "SchemingMind.com"]
[Date "2006.12.21"]
[Round "-"]
[White "mart_r3000"]
[Black "carosoko"]
[Result "0-1"]
[WhiteCountry "ENG"]
[BlackCountry "BEL"]
[WhiteElo "1286"]
[WhiteRD "52"]
[BlackElo "1596"]
[BlackRD "112"]
[GameID "83024"]

1. e4 e5 2. d4 exd4 3. c3 dxc3 4. Nxc3 Nc6 5. Bc4 Bb4 6. Qf3 Bxc3+ 7. bxc3 Qf6 8. Bf4 d6 9. O-O-O Nge7 10. Nh3 O-O
11. g4 Ng6 12. g5 Qe7 13. Rhe1 Nce5 14. Bxe5 Nxe5 15. Bxf7+ Rxf7 16. Qh5 Bg4 17. Qh4 Bxd1 18. Rxd1 Nf3 19. Qg3 Qxe4 20. g6 hxg6
21. Qg2 Re8 22. Qf1 Re5 23. Kb2 Rff5 24. Ka1 Ra5 25. Rc1 Ra6 26. Qg2 Rfa5 27. Kb2 Rxa2+
0-1

[Event "Danish Anyone? #3"]
[Site "SchemingMind.com"]
[Date "2006.12.21"]
[Round "-"]
[White "snoodie05"]
[Black "carosoko"]
[Result "0-1"]
[WhiteCountry "USA"]
[BlackCountry "BEL"]
[WhiteElo "1400"]
[WhiteRD "79"]
[BlackElo "1596"]
[BlackRD "112"]
[GameID "83025"]

1. e4 e5 2. d4 exd4 3. c3 dxc3 4. bxc3 Bc5 5. Nf3 Nc6 6. Bb5 Nge7 7. Bf4 O-O 8. O-O Ng6 9. a4 Nxf4 10. Bc4 d6
11. Nbd2 Qf6 12. e5 Nxe5 13. Nxe5 dxe5 14. Ne4 Qg6 15. Ng3 h5 16. Bd3 Qxd3 17. Qxd3 Nxd3 18. Ne4 Bf5 19. Ng5 f6 20. Ne6 Bxe6
21. Rad1 Nf4 22. g3 Nh3+ 23. Kg2 Rad8 24. Rb1 Rd2 25. Rb5 Rfd8 26. Rxc5 c6 27. a5 Rc2 28. a6 b6 29. Rxc6 Bd5+ 30. Kxh3 Bxc6
31. c4 Rdd2 32. Kh4 Bf3 33. h3 g5#
0-1